000 00286nam a22001217a 4500
008 170609b xxu||||| |||| 00| 0 eng d
041 _aeng
080 _a94(7/8)
100 _a18
101 _aSHH
245 _aPROGRESSIVISM AND POSTWAR DISILLUSIONMENT
_cSHANNON,D.A
942 _2udc
_cBK
999 _c16785
_d16785